000 00976cam a2200277 i 4500
001 20599582
003 OSt
005 20240221110713.0
008 180725s2019 nyua 000 0 eng
010 _a 2018030799
020 _a9781616897260 (alk. paper)
040 _aDLC
_beng
_erda
_cDLC
_dDLC
042 _apcc
050 0 0 _aNA2700
_b.M69 2019
082 0 0 _a720.284
_223
_bMOS
100 1 _aMoses, Nalina,
_eauthor.
_9121019
245 1 0 _aSingle-handedly :
_bcontemporary architects draw by hand /
_cNalina Moses.
250 _aFirst edition.
260 _aNew York:
_bPrinceton Press;
_c2019.
300 _a255 pages :
_billustrations ;
_c27 cm
650 0 _aArchitectural drawing
_xThemes, motives.
_9121020
906 _a7
_bcbc
_corignew
_d1
_eecip
_f20
_gy-gencatlg
942 _2ddc
_cBK
_aSADA
_k720.284 MOS 2019
999 _c607980
_d607980